00337nam a2200109 a 450000500170000000800410001705000230005824500430008126000620012430000170018665000240020320140412111245.0010329s19uu xx 00 eng d aM 553.7bTw91 19_? a22 twenty two things to do with water. aMakati, Metro Manila :bDiwa Learning System Inc,c[n.d.] a47 p. ; ill. aScience experiments